The dairy control and management system in the robotic milking farm (Record no. 27610)
[ view plain ]
| 000 -LEADER | |
|---|---|
| fixed length control field | 00509 a2200217 4500 |
| 020 ## - NUMERO INTERNATIONAL NORMALISE DES LIVRES | |
| International Standard Book Number | 90-5484-441-3 |
| 100 ## - VEDETTE PRINCIPALE - NOM DE PERSONNE | |
| Personal name | DEVIR, S. |
| 130 ## - VEDETTE PRINCIPALE - TITRE UNIFORME | |
| Language of a work | En |
| 260 ## - PUBLICATION, DISTRIBUTION, ETC. (IMPRINT) | |
| Place of publication, distribution, etc | Wageningen |
| 260 ## - PUBLICATION, DISTRIBUTION, ETC. (IMPRINT) | |
| Name of publisher, distributor, etc | Landbouw Universiteit |
| 245 ## - TITLE STATEMENT | |
| Title | The dairy control and management system in the robotic milking farm |
| 260 ## - PUBLICATION, DISTRIBUTION, ETC. (IMPRINT) | |
| Date of publication, distribution, etc | 1995 |
| 300 ## - PHYSICAL DESCRIPTION | |
| Extent | 170 p. |
| 300 ## - PHYSICAL DESCRIPTION | |
| Other physical details | ill. 24 cm. |
| 650 ## - SUBJECT ADDED ENTRY--TOPICAL TERM | |
| Topical term or geographic name as entry element | Contrôle laitier |
| 650 ## - SUBJECT ADDED ENTRY--TOPICAL TERM | |
| Topical term or geographic name as entry element | Traite |
| 650 ## - SUBJECT ADDED ENTRY--TOPICAL TERM | |
| Topical term or geographic name as entry element | Gestion |
| 690 ## - LOCAL SUBJECT ADDED ENTRY--TOPICAL TERM (OCLC, RLIN) | |
| Topical term or geographic name as entry element | Système de gestion |
| Withdrawn status | Lost status | Damaged status | Not for loan | Location (home branch) | Sublocation or collection (holding branch) | Date acquired | Koha issues (times borrowed) | Koha full call number | Koha date last seen | Copy number | Price effective from | Koha item type | Public note |
|---|---|---|---|---|---|---|---|---|---|---|---|---|---|
| Bibliothèque-Centre de Documentation de la Faculté des Sciences Agronomiques | Bibliothèque-Centre de Documentation de la Faculté des Sciences Agronomiques | NSA.1995.015 | 28/02/2009 | 1 | 28/02/2009 | Livre | A.6994 |